Podstawowe drzewa, krzewy i krzewinki - Statystyki

Ogólne statystyki
  • Ten quiz został rozwiązany 178 razy
  • Średni wynik to 21 z 55
Statystyki odpowiedzi
Obrazkowy Odpowiedź % Poprawnych
kasztanowiec
79%
świerk
67%
jodła
64%
cis
62%
dąb bezszypułkowy
62%
dąb szypulkowy
62%
miłorząb
62%
lipa
59%
modrzew
56%
jałowiec
54%
klon zwyczajny
54%
malina
54%
klon jawor
51%
kosodrzewina
51%
brzoza
49%
bez czarny
46%
leszczyna
46%
klon polny
44%
porzeczka czarna
44%
grab
41%
jarząb pospolity
41%
morwa
41%
daglezja
38%
olsza czarna
38%
robinia akacjowa
38%
sosna zwyczajna
38%
róża dzika
36%
wierzba iwa
36%
buk
33%
czeremcha
33%
głóg
33%
sosna wejmutka
33%
topola biała
33%
bluszcz
31%
klon jesionolistny
31%
olsza szara
31%
rokitnik
31%
topola osika
31%
jabłoń dzika
28%
jesion wyniosły
28%
berberys
26%
forsycja
26%
jeżyna
26%
lilak
26%
sosna limba
26%
wiąz
26%
wierzba biała
26%
kalina koralowa
23%
kruszyna
23%
śliwa tarnina
23%
śnieguliczka biała
23%
trzmielina
21%
wawrzynek wilczełyko
18%
ligustr
15%
wiciokrzew pomorski
13%
Nie znaleziono quizów pasujących do podanych kryteriów
Rozkład punktacji
Procent ludzi z każdym wynikiem
Percentyl według liczby udzielonych odpowiedzi
Twoja historia wyników
Nie rozwiązałeś tego quizu